Essais de Montaigne (Запис номер 423912)
[ съкратено ]
| 000 -Лидер | |
|---|---|
| Контролно поле с фиксирана дължина | nam a22 a 4500 |
| 003 - Код на организацията, давaща контролен номер | |
| Контролно поле | BLK |
| 005 - Дата и час на последна редакция | |
| Контролно поле | 20210715094712.0 |
| 008 - Елементи от данни с фиксирана дължина | |
| fixed length control field | 210715b bu |||||r|||| 00| | bu d |
| 040 ## - Източник на каталожния запис | |
| Transcribing agency | BLK |
| Идентификатор на билиотеката - собственик на записа | BLK |
| 041 0# - Код за език | |
| Код за езика на текст/звукозапис или на отделно заглавие | Френски |
| Код за езика КДБФ | Френски |
| 080 ## - УДК | |
| Текстов определител УДК | Френска литература |
| УДК код - определител по УДК | 821.133.1 |
| УДК определител | .09 |
| УДК - код + определител | 821.133.1.09 |
| 100 1# - Редна дума - Автор | |
| Автор | Montaigne, Michel de |
| R(LIN) | 19064 |
| Авторска отговорност | първи автор |
| 139 ## - Редно поле | |
| Редна дума | Montaigne, Michel de |
| 245 13 - Сведения за заглавието | |
| Заглавие | Essais de Montaigne |
| Подзаглавни данни | Avec des notes Choisies dans tous les commentateurs et la traduction de toutes les citations que renferme le texte : T. 1 - |
| Редно поле (дума) | red. par J.-V. Le Clerc |
| Том | T. 1 |
| 250 ## - Област на изданието | |
| Сведения за изданието | Nouv. ed. |
| 260 ## - Област на издателските данни | |
| 9 (RLIN) | 211270 |
| Място на издаване, разпространение и проч. | Paris |
| Име на издателя, разпространителя и проч. | Libr. Garnier freres |
| Година на издаване | 1880 - |
| 300 ## - Физическа характеристика | |
| Размери/Мащаб | 19 cm |
| 380 ## - Жанр | |
| Жанр | Литературознание |
| 490 ## - СЕРИИ (Колекции) | |
| 9 (RLIN) | 435080 |
| Име на серия | Колекция Редки и ценни издания |
| 650 #0 - Допълнително описание по предмет – тема | |
| 9 (RLIN) | 264940 |
| Основно описание – тема или топоним | Френска литература - критика |
| 700 ## - Други автори (авторска отговорност) | |
| 9 (RLIN) | 1311 |
| Лично име | Clerc, Josef Viktor |
| Автороска отговорност (Описва отношението между автора и произведението) | ред. |
| 760 ## - Описание на основната серия | |
| Редна дума на основното описание | Montaigne, Michel de |
| Издание | Nouv. ed. |
| Място на издаване, издател и година | Paris, 1880 |
| Страници - том | VІІ, 578 р. |
| Част - том | Т. 1 |
| 852 ## - Местоположение | |
| Форматна сигнатура | Рф 880 |
| Фондова буква | Редки и ценни |
| 999 ## - СИСТЕМНИ КОНТРОЛНИ НОМЕРА | |
| Koha biblionumber | 423912 |
| Koha biblioitemnumber | 423912 |
| 942 ## - АРТИКУЛИ | |
| Вид на библиотечния материал | Книги |
| Скрит в OPAC | Не |
| Периодичен библиозапис | Да |
| 944 ## - СЪЗДАВАНЕ И РЕДАКЦИЯ на ЗАПИСА | |
| Създаване/Редакция | Създаване |
| Дата на регистрацията/редакция | 2021-07-15 |
| Служител, извършил регистрацията/редакцията | ГГГ |
| Код за отписване | Код за изгубен артикул | Източник на класификационната схема | Код за повреда | Коз за рестрикции | Код за отдаване | Артикулен № | Име на библиотеката - собственик | Име на библиотеката, в която се намира в момента | Статус (Текущо местоположение) | Дата на вписване в системата | Местоположение - отдел | Цена в лева | Инвентарен номер | Систематично азбучна сигнатура | Баркод | Цена в евро | Служебен тип на артикула |
|---|---|---|---|---|---|---|---|---|---|---|---|---|---|---|---|---|---|
| Не е изгубен | Universal Decimal Classification | Не е повреден | само за читалня | Специални фондове ( старопечатни, редки и ценни, фонд М. Арнаудов) | 854892 | Регионална библиотека "Любен Каравелов" Русе | Регионална библиотека "Любен Каравелов" Русе | Редки и ценни | 2021-09-24 | Редки и ценни | 1.15 | 13056/58 | Рф 880 | 900000069326 | 0.59 | Книги |